000 01004naa a22003017a 4500
001 BR6007475
003 BR-BrBNA
005 20240918181902.0
007 ta
008 230509b bl.||||| |||| 00| 0 por d
040 _aBR-BrBNA
_bpor
_cBiblioteca Nacional de Agricultura
041 _a(Pt)
072 _aL73
090 _aL73 BR6007475
100 1 _aNascimento, C.B.
111 1 _a2. Congresso Brasileiro de Veterinaria
_cBelo Horizonte, MG (Brazil)
_d7 Sep 1943
245 1 _aContribuicao para o controle da eficiencia de sarnicidas
260 3 _a[np](Brasil):
_c[nd].
500 _aAnais do 2. Congresso Brasileiro de Veterinaria [np](Brasil): [nd]. p. 789-802 (BR6007475-AM)L73
650 _aDoenca Animal
650 _aSarna
650 _aAcaro
650 _aControle Quimico
650 _aDefesa Animal
773 0 _tAnais do 2. Congresso Brasileiro de Veterinaria
_wL73 BR6007475
_g[np](Brasil), [nd]. p. 789-802
909 _a202404
_bLucia
_c55
_dLucia Elande
942 _cAM
_2AGRIS
999 _c327367
_d327367